000 00407nam a22001697a 4500
003 NUST - PNEC
005 20170116180757.0
008 150408b xxu||||| |||| 00| 0 eng d
020 _a0563364416
040 _cLIBRARY
082 _a909.097 AKB
245 _aLiving Islam
_c Akbar S. Ahmed
260 _aLondan
_bBBC Books
_cc1993.
300 _a224p. :
650 _92234
_aIslam
_x AS
942 _2ddc
_cBK
999 _c62809
_d62809